000 00395nam a22001337a 4500
020 _a9781846681745
040 _cNUST
082 _a658.7 JAC
100 _aJacoby, David
_963960
245 _aGuide to Supply Chain Management;
_bHow getting it right boosts corporate performance
260 _aLondon;
_bProfile Books Ltd,
_c2010.
650 _aSupply Chain Management
_919120
942 _2ddc
_cBK
999 _c594709
_d594709